| 000 | 00544nam a2200121Ia 4500 | ||
|---|---|---|---|
| 008 | 171212s9999 xx 000 0 und d | ||
| 020 | _a9780833031167 | ||
| 100 | _aBerends, Mark;Chun, JoAn;Ikemoto, Gina Schuyler;Stockly, Sue;Briggs, R. J. | ||
| 245 |
_cBerends, Mark;Chun, JoAn;Ikemoto, Gina Schuyler;Stockly, Sue;Briggs, R. J. _aChallenges of Conflicting School Reforms _bEffects of New American Schools in a High-Poverty District |
||
| 260 |
_bRAND Corporation _c2002 |
||
| 650 | _aEducation | ||
| 856 | _uwww.jstor.org/stable/10.7249/mr1483edu | ||
| 999 |
_c351842 _d351842 |
||